Foundations of Software Testing : ISTQB Certification /

Contenido: 1. Fundamentos de las pruebas; 2. Pruebas a lo largo del ciclo de vida del software; 3. Técnicas estáticas; 4. Técnicas de diseño de pruebas; 5. Administración de las pruebas; 6. Herramientas de soporte para pruebas; 7. Examen fundamental de ISTQB.

Guardado en:
Bibliografiske detaljer
Hovedforfatter: Black, Rex (autor)
Andre forfattere: Veenendaal, Erik van (autor) (autor), Graham, Dorothy (autor) (autor)
Format: Bog
Sprog:engelsk
Udgivet: Hampshire, Inglaterra : Cengage Learning, 2012, c2012
Udgivelse:3a edición
Fag:
Tags: Tilføj Tag
Ingen Tags, Vær først til at tagge denne postø!

MARC

LEADER 00000nam^a2200000^a^4500
001 000364179
005 20250521000000.0
009 20260310115608.972
020 |a 978-1-4080-4405-6 
037 |a Acervo ITESO - Biblioteca 
041 |a ING 
082 |a 005. 14  |b BLA 
100 |a Black, Rex  |e (autor) 
245 1 0 |a Foundations of Software Testing :  |b ISTQB Certification /  |c R. Black, E. van Veenendaal, D. Graham. 
250 |a 3a edición 
264 4 |a Hampshire, Inglaterra :  |b Cengage Learning,  |c 2012, c2012 
300 |a X, 242 p. 
336 |a texto  |b txt  |2 rdacontenido 
337 |a sin mediación  |b n  |2 rdamedio 
338 |a volumen  |b nc  |2 rdasoporte 
520 |a Contenido: 1. Fundamentos de las pruebas; 2. Pruebas a lo largo del ciclo de vida del software; 3. Técnicas estáticas; 4. Técnicas de diseño de pruebas; 5. Administración de las pruebas; 6. Herramientas de soporte para pruebas; 7. Examen fundamental de ISTQB. 
521 |a 2016 BO Licenciatura en Ingeniería en Sistemas Computacionales 
649 |a XX 
650 |a Normalización y Certificación -  |x Tema Principal 
650 |a Paquetes (Software) -  |x Prueba y Medición -  |x Tema Principal 
650 |a Sistemas Computacionales 
650 |a Desarrollo de Sistemas 
650 |a Ingeniería de Software 
650 |a Ingeniería Computacional 
700 |a Veenendaal, Erik van  |e (autor) 
700 |a Graham, Dorothy  |e (autor) 
910 |a Fondo General 
920 |a Impresos - Libros 
930 |a Colección General 
905 |a 101 
901 |a 0500257861  |b IT1  |c ACC  |i C148487  |u 20250521 
901 |a 0500257856  |b IT1  |c ACC  |i C148488  |u 20250521 
902 |a https://opac.biblio.iteso.mx/vufind/Record/000364179